Metal cutting and tool design (Record no. 41629)

MARC details
000 -LEADER
fixed length control field 00425nam a2200181Ia 4500
020 ## - INTERNATIONAL STANDARD BOOK NUMBER
ISBN 706975103
050 ## - CALL MARK
Classification number TJ 1185 .R36/
100 ## - STATEMENT OF RESPONSIBILITY--MAIN AUTHOR NAME
Personal name Ranganath, B.J.
245 #0 - TITLE STATEMENT
Title Metal cutting and tool design
260 ## - PUBLICATION, DISTRIBUTION, ETC. (IMPRINT)
Place of publication New Delhi
260 ## - PUBLICATION, DISTRIBUTION, ETC. (IMPRINT)
Name of publisher Vikas Publishing House
260 ## - PUBLICATION, DISTRIBUTION, ETC. (IMPRINT)
Year of publication 1999
300 ## - PHYSICAL DESCRIPTION
Number of Pages 266 p
650 ## - SUBJECT ADDED ENTRY--TOPICAL TERM
Topical Term New Delhi
942 ## - ADDED ENTRY ELEMENTS (KOHA)
Koha item type Books
Holdings
Withdrawn status Lost status Source of classification or shelving scheme Damaged status Not for loan Permanent Location Current Location Shelving location Date acquired Accession Number Price effective from Koha item type
    Library of Congress Classification     NILE UNIVERSITY OF NIGERIA - MAIN LIBRARY NILE UNIVERSITY OF NIGERIA - MAIN LIBRARY Items on shelf 06/03/2025 0009454 06/03/2025 Books
    Library of Congress Classification     NILE UNIVERSITY OF NIGERIA - MAIN LIBRARY NILE UNIVERSITY OF NIGERIA - MAIN LIBRARY Items on shelf 06/03/2025 0009455 06/03/2025 Books